[Event "Pardubice Czech op-A 31st"]
[Site "Pardubice"]
[Date "2020.09.28"]
[Round "9"]
[White "Wedda, Dries"]
[Black "Plesek, Jiri"]
[Result "1/2-1/2"]
[WhiteElo "2246"]
[BlackElo "2050"]
[PlyCount "38"]
[EventDate "2020.09.21"]
[EventType "swiss"]
[EventRounds "9"]
[EventCountry "CZE"]
[SourceTitle "CBM 198 Extra"]
[Source "ChessBase"]
[SourceDate "2020.11.30"]
[SourceVersion "1"]
[SourceVersionDate "2020.11.30"]
[SourceQuality "1"]

1. d4 d5 2. c4 e6 3. Nf3 c6 4. Nc3 dxc4 5. a4 Bb4 6. e3 b5 7. Bd2 a5 8. axb5 Bxc3 9. Bxc3 cxb5 10. b3 Bb7 11. bxc4 b4 12. Bb2 Nf6 13. Bd3 Nbd7 14. 0-0 0-0 15. Qc2 Qc7 16. h3 Rfe8 17. Kh1 h6 18. Rfe1 Bc6 19. d5 Bb7 1/2-1/2

[Event "Pardubice Czech op-A 31st"]
[Site "Pardubice"]
[Date "2020.09.23"]
[Round "3"]
[White "Golubka, Petr"]
[Black "Wedda, Dries"]
[Result "1-0"]
[WhiteElo "2488"]
[BlackElo "2246"]
[PlyCount "103"]
[EventDate "2020.09.21"]
[EventType "swiss"]
[EventRounds "9"]
[EventCountry "CZE"]
[SourceTitle "CBM 198 Extra"]
[Source "ChessBase"]
[SourceDate "2020.11.30"]
[SourceVersion "1"]
[SourceVersionDate "2020.11.30"]
[SourceQuality "1"]

1. d4 Nf6 2. Nf3 d5 3. c4 e6 4. Nc3 Bb4 5. Qa4+ Nc6 6. e3 0-0 7. Bd2 dxc4 8. Bxc4 Bd6 9. h3 e5 10. 0-0 a6 11. Qd1 exd4 12. exd4 h6 13. Re1 Bf5 14. a3 b5 15. Bf1 Re8 16. Be3 Ne7 17. Ne5 Ned5 18. Qf3 Be6 19. Bd2 c5 20. dxc5 Bxc5 21. Rad1 Qc7 22. Ng4 Nxg4 23. hxg4 Nxc3 24. Bxc3 Rad8 25. Bd3 Bc8 26. g5 Qb6 27. Rxe8+ Rxe8 28. b4 Bf8 29. Bd4 Qe6 30. gxh6 Qxh6 31. Be3 Qh4 32. Bf5 Qf6 33. Be4 Qh4 34. Rd4 Qe7 35. Bd5 Be6 36. Bb7 g6 37. Bxa6 Bg7 38. Bxb5 Bxd4 39. Bxd4 Qg5 40. Qf6 Qxf6 41. Bxf6 Ra8 42. Bb2 Rd8 43. Bc3 Rc8 44. Bd4 Ra8 45. a4 Bb3 46. a5 Rd8 47. Bc5 Rd1+ 48. Kh2 Bd5 49. a6 Ra1 50. a7 Ra2 51. Bd7 Rc2 52. Bg4 1-0

[Event "Prague Summer op 7th"]
[Site "Prague"]
[Date "2020.08.13"]
[Round "7"]
[White "Schnider, Gert"]
[Black "Wedda, Dries"]
[Result "1/2-1/2"]
[WhiteElo "2427"]
[BlackElo "2172"]
[PlyCount "130"]
[EventDate "2020.08.08"]
[EventType "swiss"]
[EventRounds "9"]
[EventCountry "CZE"]
[SourceTitle "CBM 197 Extra"]
[Source "ChessBase"]
[SourceDate "2020.09.30"]
[SourceVersion "1"]
[SourceVersionDate "2020.09.30"]
[SourceQuality "1"]

1. e4 c5 2. Nf3 d6 3. Bb5+ Nd7 4. c3 Ngf6 5. Bd3 e6 6. Bc2 Be7 7. 0-0 0-0 8. d4 a6 9. Qe2 b5 10. e5 Nd5 11. Qe4 g6 12. Bh6 Re8 13. Nbd2 Bb7 14. Qe2 Qc7 15. Bb3 b4 16. dxc5 dxe5 17. Bxd5 exd5 18. cxb4 Bf6 19. Nb3 d4 20. Rfe1 Bd5 21. b5 Bxb3 22. axb3 Nxc5 23. Nxd4 e4 24. Qc4 Qd6 25. Nc2 Rac8 26. Rad1 Qb8 27. Qf1 Nd3 28. Re2 Qxb5 29. f3 Qxb3 30. fxe4 Bxb2 31. Red2 Rxc2 32. Rxd3 Qb6+ 33. Kh1 Bg7 34. Rd6 Qf2 35. Bxg7 Kxg7 36. Rxa6 Rxe4 37. Qxf2 Rxf2 38. h3 Ree2 39. Rg1 h5 40. Ra4 g5 41. Kh2 h4 42. Raa1 f5 43. Raf1 g4 44. hxg4 fxg4 45. Rxf2 Rxf2 46. Ra1 Kg6 47. Kg1 Rf5 48. Rf1 Ra5 49. Rf8 Kg5 50. Rf7 Ra6 51. Rf8 Ra7 52. Rf1 Ra4 53. Rf8 Ra1+ 54. Rf1 Rxf1+ 55. Kxf1 Kf4 56. Kf2 Ke4 57. Ke2 Kd4 58. Kf2 Kd3 59. Kf1 Ke3 60. Ke1 g3 61. Kf1 Kd2 62. Kg1 Ke2 63. Kh1 h3 64. Kg1 h2+ 65. Kh1 Ke3 1/2-1/2

[Event "Prague Summer op 7th"]
[Site "Prague"]
[Date "2020.08.10"]
[Round "4"]
[White "Wedda, Dries"]
[Black "Michalczak, Thomas"]
[Result "1/2-1/2"]
[WhiteElo "2172"]
[BlackElo "2245"]
[PlyCount "128"]
[EventDate "2020.08.08"]
[EventType "swiss"]
[EventRounds "9"]
[EventCountry "CZE"]
[SourceTitle "CBM 197 Extra"]
[Source "ChessBase"]
[SourceDate "2020.09.30"]
[SourceVersion "1"]
[SourceVersionDate "2020.09.30"]
[SourceQuality "1"]

1. c4 e6 2. Nc3 d5 3. d4 Nf6 4. cxd5 exd5 5. Bg5 Nbd7 6. e3 c6 7. Bd3 Be7 8. Nge2 Nh5 9. Bxe7 Qxe7 10. Qc2 g6 11. 0-0 0-0 12. Rab1 a5 13. e4 dxe4 14. Nxe4 Ndf6 15. Rfe1 Nxe4 16. Bxe4 Re8 17. Bd3 Bg4 18. Qc3 Bxe2 19. Bxe2 Nf4 20. Bf3 Qf6 21. a3 Rad8 22. Qxa5 Rxe1+ 23. Rxe1 Qxd4 24. Qe5 Qxe5 25. Rxe5 Rd2 26. h3 Rxb2 27. Re8+ Kg7 28. Rb8 Rb6 29. a4 Kf6 30. a5 Rb5 31. Ra8 Rb1+ 32. Kh2 Ra1 33. Ra7 Nd5 34. Rxb7 Rxa5 35. Bg4 Ra2 36. Bd7 Ne7 37. Kg1 Ra1+ 38. Kh2 Ra2 39. Kg1 h5 40. h4 Ra1+ 41. Kh2 Ra2 42. Kg1 Ra8 43. Rc7 Rd8 44. Bh3 Rd6 45. Bd7 Ke5 46. Be8 Ke6 47. Kh2 Rd8 48. Bxc6 Kd6 49. Ra7 Nxc6 50. Rxf7 Ke6 51. Rc7 Ne5 52. f3 Rd2 53. Kh3 Nd3 54. g4 Ke5 55. Kg3 Nf4 56. Re7+ Kf6 57. Ra7 Ne2+ 58. Kf2 Nc3+ 59. Kg3 Ne2+ 60. Kf2 Nc1+ 61. Kg3 Rd5 62. Ra6+ Kf7 63. Ra7+ Ke6 64. Ra6+ Kf7 1/2-1/2

[Event "Groningen op 57th"]
[Site "Groningen"]
[Date "2019.12.23"]
[Round "3"]
[White "Wedda, Dries"]
[Black "Boersma, Jan"]
[Result "1/2-1/2"]
[WhiteElo "2209"]
[BlackElo "2069"]
[PlyCount "45"]
[EventDate "2019.12.21"]
[EventType "swiss"]
[EventRounds "9"]
[EventCountry "NED"]
[SourceTitle "CBM 194 Extra"]
[Source "ChessBase"]
[SourceDate "2020.03.31"]
[SourceVersion "1"]
[SourceVersionDate "2020.03.31"]
[SourceQuality "1"]

1. e4 c5 2. Nf3 g6 3. c3 Bg7 4. d4 cxd4 5. cxd4 d5 6. e5 Nh6 7. Bb5+ Bd7 8. Bxd7+ Qxd7 9. 0-0 0-0 10. Nc3 Nc6 11. Re1 Rad8 12. Bf4 Nf5 13. g4 Bh6 14. Bxh6 Nxh6 15. h3 Kg7 16. Nh4 f6 17. e6 Qd6 18. Qd2 Rc8 19. Rad1 a6 20. Ng2 Rfd8 21. f4 Na5 22. b3 Qb4 23. Na4 1/2-1/2

[Event "Oberliga NRW 1920"]
[Site "Germany"]
[Date "2019.09.15"]
[Round "1.6"]
[White "Wedda, Dries"]
[Black "Sonnenschein, Philipp"]
[Result "1/2-1/2"]
[WhiteElo "2169"]
[BlackElo "2119"]
[PlyCount "152"]
[EventDate "2019.09.15"]
[EventType "team-tourn"]
[EventRounds "9"]
[EventCountry "GER"]
[SourceTitle "CBM 195 Extra"]
[Source "ChessBase"]
[SourceDate "2020.05.31"]
[SourceVersion "1"]
[SourceVersionDate "2020.05.31"]
[SourceQuality "1"]
[WhiteTeam "Plettenberg"]
[BlackTeam "Dinslaken"]
[WhiteTeamCountry "GER"]
[BlackTeamCountry "GER"]

1. d4 Nf6 2. c4 g6 3. Nc3 d5 4. cxd5 Nxd5 5. e4 Nxc3 6. bxc3 Bg7 7. Bb5+ c6 8. Ba4 0-0 9. Nf3 Bg4 10. 0-0 e5 11. Ba3 Re8 12. h3 Bxf3 13. Qxf3 exd4 14. Rad1 Qf6 15. cxd4 Qxf3 16. gxf3 Nd7 17. d5 Nb6 18. Bb3 cxd5 19. Bxd5 Nxd5 20. Rxd5 Bf8 21. Bb2 Rad8 22. Rfd1 Be7 23. Rd7 f6 24. Kg2 Kf7 25. f4 Ke6 26. Rxd8 Rxd8 27. Rxd8 Bxd8 28. Bd4 a6 29. Kf1 Bc7 30. Be3 Kd7 31. Ke2 Kc6 32. Kd3 Bb6 33. Bxb6 Kxb6 34. e5 Kc6 35. exf6 Kd6 36. Kd4 h5 37. f7 Ke7 38. Kc5 Kxf7 39. Kb6 Kf6 40. Kxb7 Kf5 41. Kxa6 Kxf4 42. Kb5 g5 43. a4 g4 44. h4 Kf3 45. a5 Kxf2 46. a6 g3 47. a7 g2 48. a8Q g1Q 49. Qa7+ Kg2 50. Qg7+ Kh2 51. Qg5 Qd1 52. Qf5 Kg3 53. Qg5+ Qg4 54. Ka6 Kh3 55. Qe3+ Kxh4 56. Qe7+ Kg3 57. Qe3+ Qf3 58. Qe1+ Kf4 59. Qh4+ Kf5 60. Qd8 Qc6+ 61. Ka7 Qa4+ 62. Kb8 h4 63. Qf8+ Kg4 64. Qg7+ Kf3 65. Qc3+ Ke4 66. Qe1+ Kd5 67. Qd2+ Qd4 68. Qg2+ Qe4 69. Qd2+ Ke6 70. Qh6+ Kd7 71. Qg7+ Qe7 72. Qg4+ Ke8 73. Qg6+ Kf8 74. Qh6+ Ke8 75. Qg6+ Kf8 76. Qh6+ Ke8 1/2-1/2

[Event "Dieren op"]
[Site "Dieren"]
[Date "2019.07.30"]
[Round "7"]
[White "Van Helvoort, Rob AM"]
[Black "Wedda, Dries"]
[Result "1/2-1/2"]
[WhiteElo "2104"]
[BlackElo "2234"]
[PlyCount "40"]
[EventDate "2019.07.23"]
[EventType "swiss"]
[EventRounds "9"]
[EventCountry "NED"]
[SourceTitle "CBM 191 Extra"]
[Source "ChessBase"]
[SourceDate "2019.09.30"]
[SourceVersion "1"]
[SourceVersionDate "2019.09.30"]
[SourceQuality "1"]

1. d4 Nf6 2. Nf3 b6 3. e3 Bb7 4. Nbd2 e6 5. Bd3 d5 6. Ne5 Bd6 7. 0-0 0-0 8. f4 Ne4 9. Nxe4 dxe4 10. Bc4 c5 11. b3 Nc6 12. Nxc6 Bxc6 13. Bb2 Qe7 14. d5 exd5 15. Bxd5 Bxd5 16. Qxd5 Rad8 17. Qf5 Rd7 18. Rfd1 Rfd8 19. Qg4 f6 20. Qe2 Qe6 1/2-1/2

[Event "Riga RTU rapid op"]
[Site "Riga"]
[Date "2019.07.04"]
[Round "6"]
[White "Krivonosov, Oleg"]
[Black "Wedda, Dries"]
[Result "1-0"]
[WhiteElo "2445"]
[BlackElo "2234"]
[PlyCount "51"]
[EventDate "2019.07.04"]
[EventType "swiss (rapid)"]
[EventRounds "9"]
[EventCountry "LAT"]
[SourceTitle "EXT 2020"]
[Source "ChessBase"]
[SourceDate "2019.10.17"]
[SourceVersion "1"]
[SourceVersionDate "2019.10.17"]
[SourceQuality "1"]

1. Nf3 c5 2. c4 Nc6 3. d4 cxd4 4. Nxd4 Nf6 5. Nc3 e6 6. Bg5 Be7 7. e3 0-0 8. Be2 d5 9. cxd5 exd5 10. 0-0 Be6 11. Rc1 Ne5 12. Nxe6 fxe6 13. Qb3 Rb8 14. Bf4 Nfd7 15. Nxd5 exd5 16. Qxd5+ Nf7 17. Bxb8 Nxb8 18. Qxb7 Bd6 19. Bc4 Qf6 20. Bxf7+ Rxf7 21. Rc8+ Rf8 22. Rxf8+ Kxf8 23. Rc1 Qe7 24. Rc8+ Kf7 25. Rxb8 Bxb8 26. Qxb8 1-0

[Event "Riga RTU rapid op"]
[Site "Riga"]
[Date "2019.07.04"]
[Round "3"]
[White "Wagner, Dennis"]
[Black "Wedda, Dries"]
[Result "1-0"]
[WhiteElo "2473"]
[BlackElo "2234"]
[PlyCount "57"]
[EventDate "2019.07.04"]
[EventType "swiss (rapid)"]
[EventRounds "9"]
[EventCountry "LAT"]
[SourceTitle "EXT 2020"]
[Source "ChessBase"]
[SourceDate "2019.10.17"]
[SourceVersion "1"]
[SourceVersionDate "2019.10.17"]
[SourceQuality "1"]

1. d4 Nf6 2. c4 e6 3. Nc3 Bb4 4. e3 0-0 5. Bd2 d5 6. Nf3 c5 7. a3 cxd4 8. axb4 dxc3 9. Bxc3 Ne4 10. Qc2 Nxc3 11. Qxc3 dxc4 12. Bxc4 b6 13. 0-0 Bb7 14. Rfd1 Qe7 15. Be2 Nc6 16. b5 Nb4 17. Rd4 Nd5 18. Qd2 Nf6 19. Ne5 Qc5 20. Nc6 Qg5 21. h4 Qh6 22. Bf3 Kh8 23. Qb4 Nd5 24. Qd6 Bxc6 25. bxc6 Rac8 26. Rxa7 b5 27. c7 Nxe3 28. Qxf8+ Rxf8 29. Rd8 1-0

[Event "Kragero op"]
[Site "Kragero"]
[Date "2019.02.24"]
[Round "9"]
[White "Mihajlov, Sebastian"]
[Black "Wedda, Dries"]
[Result "1-0"]
[WhiteElo "2357"]
[BlackElo "2173"]
[PlyCount "71"]
[EventDate "2019.02.20"]
[EventType "swiss"]
[EventRounds "9"]
[EventCountry "NOR"]
[SourceTitle "CBM 189 Extra"]
[Source "ChessBase"]
[SourceDate "2019.06.03"]
[SourceVersion "1"]
[SourceVersionDate "2019.06.03"]
[SourceQuality "1"]

1. d4 Nf6 2. c4 e6 3. Nf3 c5 4. d5 d6 5. Nc3 exd5 6. cxd5 g6 7. Bf4 Bg7 8. Qa4+ Bd7 9. Qb3 b5 10. Bxd6 Qb6 11. Be5 0-0 12. e4 c4 13. Qc2 Re8 14. Be2 Ng4 15. Bg3 f5 16. h3 fxe4 17. hxg4 exf3 18. gxf3 Na6 19. Kf1 Rac8 20. Ne4 Nc5 21. Nd6 Na4 22. Rb1 b4 23. Nxe8 Bxe8 24. Kg2 c3 25. b3 Nc5 26. Bc4 Bf7 27. Rbd1 Bf8 28. Be5 Nd7 29. Bd4 Bc5 30. Bxc5 Qxc5 31. Qc1 Qf8 32. Qg5 Nb6 33. d6 Bxc4 34. bxc4 Nd7 35. Qd5+ Kh8 36. Qb7 1-0

[Event "Kragero op"]
[Site "Kragero"]
[Date "2019.02.24"]
[Round "8"]
[White "Wedda, Dries"]
[Black "Ingebretsen, Jens E"]
[Result "1-0"]
[WhiteElo "2173"]
[BlackElo "2297"]
[PlyCount "73"]
[EventDate "2019.02.20"]
[EventType "swiss"]
[EventRounds "9"]
[EventCountry "NOR"]
[SourceTitle "CBM 189 Extra"]
[Source "ChessBase"]
[SourceDate "2019.06.03"]
[SourceVersion "1"]
[SourceVersionDate "2019.06.03"]
[SourceQuality "1"]

1. d4 d5 2. c4 dxc4 3. Nf3 Nf6 4. e3 b5 5. a4 b4 6. Bxc4 e6 7. 0-0 Be7 8. Nbd2 0-0 9. Nb3 Nbd7 10. Qe2 c5 11. Rd1 Qc7 12. dxc5 Nxc5 13. Nxc5 Bxc5 14. b3 e5 15. h3 Bb7 16. Bb2 Rfe8 17. Rac1 Rac8 18. Ba6 e4 19. Nd4 Bxa6 20. Qxa6 Qe5 21. Ba1 Qh5 22. Ne2 Qf5 23. Ng3 Qe6 24. Qxe6 Rxe6 25. Rc2 Rec6 26. Bxf6 gxf6 27. Rdc1 f5 28. Nxf5 R6c7 29. Ng3 Bd6 30. Rxc7 Bxc7 31. Rc4 Kg7 32. Nxe4 a5 33. g4 Kg6 34. Rc6+ f6 35. Kg2 Re8 36. Nxf6 Rd8 37. Nd7+ 1-0

[Event "Groningen op 56th"]
[Site "Groningen"]
[Date "2018.12.26"]
[Round "5"]
[White "De Boer, Eelke"]
[Black "Wedda, Dries"]
[Result "1/2-1/2"]
[WhiteElo "2327"]
[BlackElo "2208"]
[PlyCount "121"]
[EventDate "2018.12.22"]
[EventType "swiss"]
[EventRounds "9"]
[EventCountry "NED"]
[SourceTitle "CBM 188 Extra"]
[Source "ChessBase"]
[SourceDate "2019.02.26"]
[SourceVersion "1"]
[SourceVersionDate "2019.02.26"]
[SourceQuality "1"]

1. e4 c5 2. Nf3 d6 3. d4 cxd4 4. Nxd4 Nf6 5. Nc3 a6 6. Bg5 Nbd7 7. Qe2 h6 8. Bh4 g6 9. f4 e5 10. fxe5 dxe5 11. 0-0-0 Qc7 12. Nb3 b5 13. Qf3 Bg7 14. g4 Bb7 15. a3 0-0 16. Bd3 Rab8 17. Be1 Nc5 18. Nxc5 Qxc5 19. h4 h5 20. gxh5 Nxh5 21. Nd5 Bxd5 22. Bb4 Qc8 23. exd5 f5 24. Bxf8 Qxf8 25. Be2 Nf4 26. Kb1 Qf6 27. c3 a5 28. d6 b4 29. Bc4+ Kh7 30. h5 g5 31. h6 Bh8 32. Qc6 Rd8 33. Qc7+ Kg6 34. d7 Qe7 35. Rd6+ Kh7 36. Rhd1 bxc3 37. bxc3 g4 38. Rb6 g3 39. Rb8 Bf6 40. Rxd8 Qxd8 41. Qb7 g2 42. Kc2 Kxh6 43. Rg1 Qe7 44. Qc6 e4 45. Qc7 Bg5 46. Rd1 Kh5 47. d8Q Qxd8 48. Rxd8 g1Q 49. Rg8 Qe3 50. Qxa5 Ne2 51. Bxe2+ Qxe2+ 52. Kb3 Qd1+ 53. Kc4 Qd3+ 54. Kc5 Be7+ 55. Kc6 Qc4+ 56. Kb7 Qxg8 57. Qxf5+ Qg5 58. Qh7+ Kg4 59. Qxe4+ Kh5 60. Qh7+ Kg4 61. Qe4+ 1/2-1/2

[Event "Groningen op 56th"]
[Site "Groningen"]
[Date "2018.12.23"]
[Round "3"]
[White "Barthel, Ansgar"]
[Black "Wedda, Dries"]
[Result "1/2-1/2"]
[WhiteElo "2096"]
[BlackElo "2208"]
[PlyCount "46"]
[EventDate "2018.12.22"]
[EventType "swiss"]
[EventRounds "9"]
[EventCountry "NED"]
[SourceTitle "CBM 188 Extra"]
[Source "ChessBase"]
[SourceDate "2019.02.26"]
[SourceVersion "1"]
[SourceVersionDate "2019.02.26"]
[SourceQuality "1"]

1. e4 c5 2. Nf3 d6 3. d4 cxd4 4. Nxd4 Nf6 5. Nc3 a6 6. f4 e5 7. Nf3 Nbd7 8. a4 Be7 9. Bd3 0-0 10. 0-0 exf4 11. Kh1 Ne5 12. Bxf4 Qc7 13. Bg5 Be6 14. Nd4 Nfg4 15. Bxe7 Qxe7 16. Qe1 Qg5 17. Qg3 Nxd3 18. cxd3 Qe5 19. Qxe5 dxe5 20. Nf5 Nf6 21. Nd6 Rab8 22. Nc4 Ng4 23. Nb6 Nf6 1/2-1/2

[Event "Hoogeveen op 22nd"]
[Site "Hoogeveen"]
[Date "2018.10.20"]
[Round "1"]
[White "Zarkovic, Mila"]
[Black "Wedda, Dries"]
[Result "1/2-1/2"]
[WhiteElo "2213"]
[BlackElo "2216"]
[PlyCount "60"]
[EventDate "2018.10.20"]
[EventType "swiss"]
[EventRounds "9"]
[EventCountry "NED"]
[SourceTitle "CBM 187 Extra"]
[Source "ChessBase"]
[SourceDate "2018.11.04"]
[SourceVersion "1"]
[SourceVersionDate "2018.11.04"]
[SourceQuality "1"]

1. e4 c5 2. Nf3 d6 3. d4 cxd4 4. Nxd4 Nf6 5. Nc3 a6 6. Be2 e5 7. Nb3 Be7 8. 0-0 0-0 9. Bf3 Be6 10. Re1 Nbd7 11. a4 b6 12. Nd2 Nb8 13. Nf1 Nc6 14. Bg5 Qc7 15. Ne3 Nb4 16. Re2 Rad8 17. Bxf6 Bxf6 18. Ncd5 Nxd5 19. Nxd5 Bxd5 20. Qxd5 Qc5 21. Rd1 Qxd5 22. Rd3 Qd4 23. Rxd4 Be7 24. Rd5 Rc8 25. c4 Rc5 26. b3 Re8 27. Red2 Rec8 28. Be2 Rxd5 29. Rxd5 Rc5 30. b4 Rxd5 1/2-1/2

[Event "Dortmund Helmut Kohl"]
[Site "Dortmund"]
[Date "2018.07.22"]
[Round "9"]
[White "Wedda, Dries"]
[Black "Garbuz, Vitaliy"]
[Result "0-1"]
[WhiteElo "2069"]
[BlackElo "2055"]
[PlyCount "56"]
[EventDate "2018.07.14"]
[EventType "tourn"]
[EventRounds "9"]
[EventCountry "GER"]
[SourceTitle "CBM 185 Extra"]
[Source "ChessBase"]
[SourceDate "2018.07.29"]
[SourceVersion "1"]
[SourceVersionDate "2018.07.29"]
[SourceQuality "1"]

1. d4 Nf6 2. c4 e6 3. Nf3 d5 4. g3 dxc4 5. Bg2 a6 6. 0-0 Nc6 7. e3 Bd7 8. Qe2 b5 9. b3 cxb3 10. axb3 Be7 11. Bb2 0-0 12. Rc1 Nb4 13. Ne5 Nfd5 14. Nd2 Be8 15. Ne4 c6 16. Nc5 Bxc5 17. Rxc5 f6 18. Nd3 a5 19. e4 Ne7 20. Nxb4 axb4 21. Rxa8 Qxa8 22. d5 Qa2 23. e5 Qa7 24. Bd4 Nf5 25. exf6 Nxd4 26. Qg4 Ne2+ 27. Qxe2 Qxc5 28. Qxe6+ Bf7 0-1

[Event "Dortmund Helmut Kohl"]
[Site "Dortmund"]
[Date "2018.07.18"]
[Round "5"]
[White "Wedda, Dries"]
[Black "Bork, Sophie"]
[Result "1-0"]
[WhiteElo "2069"]
[BlackElo "1916"]
[PlyCount "93"]
[EventDate "2018.07.14"]
[EventType "tourn"]
[EventRounds "9"]
[EventCountry "GER"]
[SourceTitle "CBM 185 Extra"]
[Source "ChessBase"]
[SourceDate "2018.07.29"]
[SourceVersion "1"]
[SourceVersionDate "2018.07.29"]
[SourceQuality "1"]

1. d4 d5 2. c4 e6 3. Nf3 c5 4. cxd5 exd5 5. g3 Nf6 6. Bg2 Nc6 7. 0-0 Be7 8. dxc5 Bxc5 9. a3 0-0 10. b4 Be7 11. Bb2 Bg4 12. Nc3 Qd7 13. b5 Nd8 14. Ne5 Qe6 15. Nxg4 Qxg4 16. Nxd5 Nxd5 17. Qxd5 Rc8 18. Bf3 Qg5 19. Rac1 Rxc1 20. Rxc1 Ne6 21. Qxg5 Bxg5 22. e3 b6 23. Rd1 Nc5 24. Bd4 Rd8 25. Bxc5 Rxd1+ 26. Bxd1 bxc5 27. Bb3 Be7 28. a4 Bd8 29. Kg2 Kf8 30. Kf3 Ke7 31. Ke4 Bb6 32. Kd5 Kd7 33. Bc4 f6 34. e4 Ke7 35. Kc6 g5 36. h3 h5 37. f3 h4 38. gxh4 gxh4 39. f4 Ke8 40. e5 fxe5 41. fxe5 Ke7 42. Kb7 Kd7 43. Ka6 Ke7 44. a5 Bc7 45. Kxa7 Bxa5 46. b6 Bc3 47. e6 1-0